000 00729nam a22002411c 4500
001 a987661223
008 080623s ger d
041 _ager
100 1 _aSittig, Hendrik
_912973
245 0 0 _aDeutschsprachige Zeitungen in Rußland :
_bGeschichte und Gegenwart2008
300 _aCD-Rom (12cm): PDF-Dokument (229 S.)
336 _aText
_btxt
_2rdacontent
337 _aComputermedien
_bc
_2rdamedia
338 _aComputerdisk
_bcd
_2rdacarrier
502 _aUniversität Leipzig Diplomarbeit 2003
650 0 _aPresse
650 0 _aDeutsche
_93532
655 0 _aHochschulschrift
942 _cVM
040 _cRU-10907106
003 RU-10907106
999 _c9947
_d9947
506 _aSonderstandort, wenden Sie sich bitte an das Bibliothekspersonal